[Event "XXII Weekend B"]
[Site "Ceriano Laghetto ITA"]
[Date "2013.03.03"]
[Round "5"]
[White "D'Amato, Piergiorgio"]
[Black "Pinna, Ferdinando"]
[WhiteElo "1845"]
[BlackElo "1945"]
[Result "0-1"]
[PlyCount "56"]
[EventDate "2013.03.01"]

1. e4 c5 2. Nf3 e6 3. d4 cxd4 4. Nxd4 Nf6 5. Nc3 d6 6. Be3 Be7 7. g4 a6 8. g5
Nfd7 9. h4 Nc6 10. Qh5 g6 11. Qe2 Qc7 12. O-O-O b5 13. Qd2 Na5 14. h5 b4 15.
hxg6 bxc3 16. gxf7+ Kxf7 17. Qe2 Ne5 18. f4 cxb2+ 19. Kb1 Nec4 20. Qh5+ Kg8 21.
Bxc4 Nxc4 22. Qe8+ Kg7 23. Nf5+ exf5 24. Bd4+ Ne5 25. Rxh7+ Rxh7 26. g6 Be6 27.
Qxa8 Rh2 28. c3 Qc4 0-1

[Event "XXII Weekend B"]
[Site "Ceriano Laghetto ITA"]
[Date "2013.03.03"]
[Round "5"]
[White "Falchi, Claudio"]
[Black "Mandaglio, Luca"]
[WhiteElo "1866"]
[BlackElo "1810"]
[Result "1-0"]
[PlyCount "121"]
[EventDate "2013.03.01"]

1. e4 c6 2. d3 d5 3. Nd2 dxe4 4. dxe4 e5 5. Ngf3 Bg4 6. Bc4 Nd7 7. O-O Qf6 8.
h3 h5 9. Re1 O-O-O 10. hxg4 hxg4 11. Nh2 Qh4 12. Ndf1 Ndf6 13. Bd3 g3 14. fxg3
Bc5+ 15. Be3 Bxe3+ 16. Rxe3 Qh6 17. a4 Ne7 18. a5 c5 19. Qe2 Nc6 20. c3 Rd6 21.
Bb5 Nh5 22. Bxc6 Rxc6 23. Rd1 Qh7 24. Red3 Rg6 25. Qd2 Qg8 26. Qf2 Rc6 27. Rd8+
Qxd8 28. Rxd8+ Rxd8 29. Qf5+ Kb8 30. Qxh5 f6 31. Nf3 Ra6 32. b4 cxb4 33. cxb4
Rc6 34. N1d2 Rc1+ 35. Kf2 Rc2 36. Qf7 Rc7 37. Qb3 g6 38. Ke2 Re7 39. Nc4 Red7
40. g4 g5 41. b5 Rc8 42. a6 b6 43. Qb4 Rc5 44. Ne3 Rdc7 45. Nd5 Rc2+ 46. Kd3
R7c5 47. Nxf6 Kc8 48. Nd5 Rxg2 49. Nxe5 Rh2 50. Nc4 Kb8 51. Ncxb6 axb6 52. Nxb6
Rc7 53. Qf8+ Ka7 54. Nc8+ Rxc8 55. Qxc8 Rh7 56. Qc5+ Ka8 57. Qf8+ Ka7 58. Qf5
Rc7 59. Qxg5 Rd7+ 60. Qd5 Rc7 61. Qb7+ 1-0

[Event "XXII Weekend B"]
[Site "Ceriano Laghetto ITA"]
[Date "2013.03.03"]
[Round "5"]
[White "Galimberti, Maurizio"]
[Black "Cerutti, Fabio Maria"]
[WhiteElo "1658"]
[BlackElo "1723"]
[Result "0-1"]
[PlyCount "48"]
[EventDate "2013.03.01"]

1. d4 Nf6 2. Nf3 g6 3. Nbd2 Bg7 4. e4 d6 5. Bd3 Nbd7 6. O-O c5 7. c3 O-O 8. Re1
Qb6 9. Nc4 Qc7 10. e5 dxe5 11. dxe5 Ng4 12. Bf4 b5 13. Ne3 Nxe3 14. Rxe3 c4 15.
Be4 Rb8 16. Qe1 e6 17. Bc2 Bb7 18. Be4 Bxe4 19. Rxe4 Nc5 20. Rd4 Rbd8 21. Rad1
Nd3 22. Qe2 Rxd4 23. Qe3 Rxf4 24. Rxd3 Rxf3 0-1

[Event "XXII Weekend B"]
[Site "Ceriano Laghetto ITA"]
[Date "2013.03.03"]
[Round "5"]
[White "Giovarruscio, Gabriele"]
[Black "Scovazzi, Tullio"]
[WhiteElo "1747"]
[BlackElo "1696"]
[Result "0-1"]
[PlyCount "114"]
[EventDate "2013.03.01"]

1. d4 d5 2. c4 dxc4 3. e3 c5 4. Bxc4 e6 5. Nf3 Nf6 6. O-O a6 7. a4 Nc6 8. Nc3
Qb6 9. d5 exd5 10. Nxd5 Nxd5 11. Bxd5 Be7 12. e4 O-O 13. Qb3 Qxb3 14. Bxb3 Bg4
15. Be3 Rfd8 16. Rac1 Bxf3 17. gxf3 Nd4 18. Bxd4 Rxd4 19. Bd5 Rb8 20. b3 b6 21.
Rfd1 Rxd1+ 22. Rxd1 Rd8 23. Kg2 Kf8 24. f4 b5 25. Ra1 f5 26. f3 Bf6 27. Ra2 Bd4
28. axb5 axb5 29. Ra5 fxe4 30. fxe4 Rb8 31. Bc6 b4 32. Bd5 Rb6 33. Ra8+ Ke7 34.
Rh8 h6 35. f5 Ra6 36. Ra8 Ra3 37. Rc8 Ra2+ 38. Kh1 Be5 39. Rxc5 Rxh2+ 40. Kg1
Ra2 41. Rc6 Bd4+ 42. Kh1 Re2 43. Re6+ Kf8 44. Ra6 h5 45. Ra8+ Ke7 46. Rh8 g6
47. Rh7+ Kf6 48. fxg6 Kxg6 49. Rb7 Bc3 50. Rf7 h4 51. Rf3 Kg5 52. Rh3 Kf4 53.
Rxh4+ Kg3 54. Rh3+ Kxh3 55. Kg1 Kg3 56. Bc4 Re1+ 57. Bf1 Bd4+ 0-1

[Event "XXII Weekend B"]
[Site "Ceriano Laghetto ITA"]
[Date "2013.03.03"]
[Round "5"]
[White "Greco, Umberto"]
[Black "Lunghi, Samuele"]
[WhiteElo "1707"]
[BlackElo "1487"]
[Result "1/2-1/2"]
[PlyCount "147"]
[EventDate "2013.03.01"]

1. c4 e6 2. Nc3 Nf6 3. Nf3 b6 4. g3 Bb7 5. Bg2 Nc6 6. O-O Bb4 7. a3 Bxc3 8.
bxc3 O-O 9. d3 d5 10. cxd5 exd5 11. Rb1 Qd7 12. Be3 Rfe8 13. Re1 Rad8 14. Bg5
Qd6 15. Qa4 h6 16. Bf4 Qd7 17. c4 dxc4 18. Qxc4 Rc8 19. Rbc1 Na5 20. Qc3 Nd5
21. Qb2 Nxf4 22. gxf4 Qg4 23. Kh1 Qxf4 24. Rg1 Bxf3 25. Bxf3 Qe5 26. Qxe5 Rxe5
27. d4 Rb5 28. Rc3 Rb3 29. Rgc1 Rxc3 30. Rxc3 Kf8 31. Kg2 Ke7 32. Be4 Kd6 33.
e3 c5 34. d5 Re8 35. Bf3 Re5 36. e4 f5 37. exf5 Rxf5 38. Re3 Rf6 39. Re8 c4 40.
Rd8+ Kc7 41. Re8 Kd7 42. Ra8 Rg6+ 43. Kf1 c3 44. Rxa7+ Kd6 45. Be4 Rg5 46. h4
c2 47. Bxc2 Rxd5 48. Rxg7 Rh5 49. Rg4 Re5 50. Rg6+ Re6 51. h5 Ke7 52. f4 Rf6
53. f5 Nc4 54. Ke2 Nxa3 55. Bd3 b5 56. Rg7+ Rf7 57. Rg6 Rf6 58. Ke3 Nc4+ 59.
Bxc4 bxc4 60. Ke4 c3 61. Rg2 Rc6 62. Kd3 c2 63. Rxc2 Rxc2 64. Kxc2 Kf6 65. Kd3
Kxf5 66. Ke3 Kg5 67. Kf3 Kxh5 68. Kg3 Kg5 69. Kh3 h5 70. Kh2 Kg4 71. Kh1 h4 72.
Kh2 h3 73. Kh1 Kg3 74. Kg1 1/2-1/2

[Event "XXII Weekend B"]
[Site "Ceriano Laghetto ITA"]
[Date "2013.03.03"]
[Round "5"]
[White "Laico, Emanuele"]
[Black "Galli, Agostino"]
[WhiteElo "1813"]
[BlackElo "1685"]
[Result "0-1"]
[PlyCount "102"]
[EventDate "2013.03.01"]

1. d4 e6 2. c4 d5 3. Nc3 Nf6 4. cxd5 Nxd5 5. e4 Nb6 6. Nf3 Nc6 7. Bf4 a6 8. Be2
Be7 9. O-O O-O 10. Qd2 Nd7 11. Rad1 b6 12. a3 Nf6 13. e5 Nd5 14. Nxd5 Qxd5 15.
Rc1 Bb7 16. Bc4 Qa5 17. d5 Qxd2 18. Nxd2 Na5 19. dxe6 Nxc4 20. Rxc4 c5 21.
exf7+ Rxf7 22. Bg3 Bc6 23. Rcc1 Raf8 24. b4 Bb5 25. Rfe1 cxb4 26. e6 Rf5 27.
Rc7 Re8 28. axb4 Bxb4 29. Rc2 Rd5 30. Bf4 h6 31. e7 g5 32. Be3 Rxe7 33. h3 Kf7
34. Rec1 Ba4 35. Ra2 b5 36. Nf3 a5 37. Rc6 Re6 38. Rc7+ Kg6 39. Rc1 Bb3 40. Re2
Bc4 41. Rec2 a4 42. Nd4 Red6 43. Ne2 Rd1+ 44. Rxd1 Rxd1+ 45. Kh2 a3 46. Nc1
Bd6+ 47. g3 Bd5 48. f3 Bxf3 49. Bg1 b4 50. Nb3 Bd5 51. Nc1 b3 0-1

[Event "XXII Weekend B"]
[Site "Ceriano Laghetto ITA"]
[Date "2013.03.03"]
[Round "5"]
[White "Megna, Giuseppe"]
[Black "Cervini, Gian Piero"]
[WhiteElo "1855"]
[BlackElo "1781"]
[Result "1/2-1/2"]
[PlyCount "78"]
[EventDate "2013.03.01"]

1. d4 Nf6 2. c4 g6 3. Nc3 Bg7 4. e4 d6 5. Nf3 O-O 6. Be2 e5 7. d5 c6 8. O-O
cxd5 9. cxd5 Ne8 10. Ne1 f5 11. f3 f4 12. Nd3 Qg5 13. Nf2 Nd7 14. b3 Ndf6 15.
a4 h5 16. a5 h4 17. h3 a6 18. Na4 Bd7 19. Nb6 Rd8 20. Nxd7 Rxd7 21. b4 Nc7 22.
Qb3 Rc8 23. Bb2 Nfe8 24. Rfc1 Qd8 25. Rc2 Nb5 26. Bxb5 axb5 27. Rc6 Rdc7 28.
Rxc7 Rxc7 29. Rc1 Rxc1+ 30. Bxc1 Qc7 31. Nd3 b6 32. a6 Qa7 33. Qc3 Qxa6 34. Qc6
Kf8 35. Bb2 Qa4 36. Nxe5 dxe5 37. Qxg6 Qxb4 38. Qf5+ Bf6 39. Bxe5 Qe1+ 1/2-1/2

[Event "XXII Weekend B"]
[Site "Ceriano Laghetto ITA"]
[Date "2013.03.03"]
[Round "5"]
[White "Nunziata, Vincenzo"]
[Black "Mandaglio, Stefano"]
[WhiteElo "1673"]
[BlackElo "1815"]
[Result "1-0"]
[PlyCount "75"]
[EventDate "2013.03.01"]

1. e4 c5 2. Nf3 d6 3. d4 cxd4 4. Nxd4 Nf6 5. Nc3 a6 6. Be2 e6 7. Be3 Be7 8. O-O
Qc7 9. Qd2 Nc6 10. Nb3 b5 11. a3 Bb7 12. f4 Rd8 13. Bf3 Nd7 14. Qf2 Bf6 15.
Rad1 h6 16. f5 Nce5 17. Bh5 exf5 18. exf5 O-O 19. Nd2 Rfe8 20. Qg3 Kh8 21. Bf2
Qc6 22. Nf3 Nc4 23. Nd4 Be5 24. Nxc6 Bxg3 25. Nxd8 Bxf2+ 26. Kxf2 Rxd8 27. Bxf7
Nde5 28. Bd5 Bc8 29. Bxc4 Nxc4 30. g4 Nxb2 31. Rd4 Kh7 32. Rb1 Nc4 33. a4 Na3
34. Rb2 g6 35. fxg6+ Kxg6 36. axb5 axb5 37. Nxb5 Nxb5 38. Rxb5 1-0

[Event "XXII Weekend B"]
[Site "Ceriano Laghetto ITA"]
[Date "2013.03.03"]
[Round "5"]
[White "Petetta, Roberto"]
[Black "Colombo, Luca"]
[WhiteElo "1651"]
[BlackElo "1884"]
[Result "0-1"]
[PlyCount "40"]
[EventDate "2013.03.01"]

1. e4 c5 2. Nf3 d6 3. d4 cxd4 4. Nxd4 Nf6 5. Nc3 g6 6. Be2 Bg7 7. Be3 O-O 8. f3
Nc6 9. Qd2 Bd7 10. O-O-O Rc8 11. Nxc6 Rxc6 12. Bb5 Rxc3 13. Bxd7 Rxe3 14. Qxe3
Nxd7 15. Qxa7 Qc7 16. Rd2 Rc8 17. Rhd1 Ne5 18. Qf2 Nc4 19. Rd3 Nxb2 20. Rb3
Nxd1 0-1

[Event "XXII Weekend B"]
[Site "Ceriano Laghetto ITA"]
[Date "2013.03.03"]
[Round "5"]
[White "Podetti, Davide"]
[Black "Miracola, Giorgia"]
[WhiteElo "1742"]
[BlackElo "1873"]
[Result "1-0"]
[PlyCount "63"]
[EventDate "2013.03.01"]

1. e4 c5 2. Nc3 e6 3. f4 Nc6 4. Nf3 d6 5. d3 Nf6 6. g3 g6 7. Bg2 Bg7 8. O-O O-O
9. Be3 Ng4 10. Bd2 Nd4 11. Kh1 Nf6 12. Ne2 Nxf3 13. Bxf3 d5 14. e5 Nd7 15. g4
Rb8 16. g5 b5 17. Rg1 Bb7 18. Rg3 Qe7 19. h4 Rfd8 20. h5 d4 21. Bxb7 Rxb7 22.
hxg6 fxg6 23. Rg4 c4 24. Ba5 Nb6 25. Bxb6 axb6 26. Ng3 Qf7 27. Ne4 Qc7 28. Qf3
Ra7 29. Rh4 Rf8 30. Qh3 Bh8 31. Qxe6+ Kg7 32. Nf6 1-0

[Event "XXII Weekend B"]
[Site "Ceriano Laghetto ITA"]
[Date "2013.03.03"]
[Round "5"]
[White "Regorda, Vittorio"]
[Black "Carito, Riccardo"]
[WhiteElo "1786"]
[BlackElo "1729"]
[Result "1/2-1/2"]
[PlyCount "50"]
[EventDate "2013.03.01"]

1. d4 Nf6 2. c4 g6 3. g3 c6 4. Bg2 d5 5. cxd5 cxd5 6. Nc3 e6 7. Nf3 Bg7 8. O-O
O-O 9. e3 b6 10. Ne5 Nfd7 11. f4 Ba6 12. Rf2 Nxe5 13. dxe5 Bb7 14. Rd2 Qe7 15.
Ne2 Qc5 16. Rc2 Qe7 17. Bd2 Na6 18. Bc3 Rac8 19. a3 Rc7 20. b4 Qd7 21. Rac1
Rfc8 22. Bb2 Bf8 23. Rxc7 Rxc7 24. Rxc7 Qxc7 25. Qc1 Qxc1+ 1/2-1/2

[Event "XXII Weekend B"]
[Site "Ceriano Laghetto ITA"]
[Date "2013.03.03"]
[Round "5"]
[White "Ronconi, Fausto"]
[Black "Trovero, Leo"]
[WhiteElo "1687"]
[BlackElo "1635"]
[Result "0-1"]
[PlyCount "88"]
[EventDate "2013.03.01"]

1. d4 Nf6 2. c4 g6 3. Nc3 Bg7 4. Nf3 d6 5. g3 O-O 6. Bg2 Nbd7 7. O-O e5 8. Bg5
h6 9. dxe5 dxe5 10. Bxf6 Qxf6 11. Nd5 Qd8 12. Rc1 c6 13. Nc3 Qe7 14. Ne4 Nc5
15. Qd6 Qxd6 16. Nxd6 e4 17. Nd2 Bxb2 18. Rb1 Be5 19. N2xe4 Nxe4 20. Nxe4 Rd8
21. Rfd1 Rxd1+ 22. Rxd1 Be6 23. f4 Bc7 24. c5 Kf8 25. Nd6 Bxd6 26. cxd6 Bxa2
27. Rd2 Bc4 28. e4 a5 29. e5 a4 30. Rc2 a3 31. Rxc4 a2 32. Rc1 a1=Q 33. Rxa1
Rxa1+ 34. Kf2 Ra2+ 35. Kf3 c5 36. Bh3 Rxh2 37. Bg2 c4 38. g4 Rxg2 39. Kxg2 c3
40. f5 gxf5 41. gxf5 c2 42. Kf3 c1=Q 43. Ke4 Qc6+ 44. Kf4 b5 0-1

[Event "XXII Weekend B"]
[Site "Ceriano Laghetto ITA"]
[Date "2013.03.03"]
[Round "5"]
[White "Rossi, Giampiero"]
[Black "Burani, Eugenio"]
[WhiteElo "1909"]
[BlackElo "1870"]
[Result "1/2-1/2"]
[PlyCount "68"]
[EventDate "2013.03.01"]

1. d4 Nf6 2. c4 c5 3. dxc5 Qa5+ 4. Nc3 Qxc5 5. e4 d6 6. Be3 Qa5 7. f3 g6 8. Qd2
Bg7 9. Nge2 Nc6 10. Nd4 Bd7 11. Be2 Rc8 12. Rc1 a6 13. O-O O-O 14. Rfd1 Ne5 15.
b3 Nc6 16. Nxc6 bxc6 17. Nd5 Qxd2 18. Nxf6+ Bxf6 19. Rxd2 c5 20. f4 Bc6 21. Bf3
h5 22. Kf2 Kg7 23. Rd3 Kh7 24. Rcd1 Rg8 25. Bd2 Bd4+ 26. Ke2 Rge8 27. Bc3 e5
28. fxe5 dxe5 29. Kd2 f5 30. Re1 Rcd8 31. Bxd4 cxd4 32. Kc2 Kg7 33. Rd2 Kf6 34.
Kd3 34... g5 {...} 1/2-1/2

[Event "XXII Weekend C"]
[Site "Ceriano Laghetto ITA"]
[Date "2013.03.01"]
[Round "1"]
[White "Aldeghi, Damiano"]
[Black "Puppi, Simone"]
[WhiteElo "1458"]
[BlackElo "1566"]
[Result "0-1"]
[PlyCount "82"]
[EventDate "2013.03.01"]

1. e4 c5 2. Nf3 Nc6 3. Bc4 e6 4. d4 cxd4 5. Nxd4 Nf6 6. Nxc6 bxc6 7. Nc3 d5 8.
exd5 cxd5 9. Bb5+ Bd7 10. Bxd7+ Qxd7 11. O-O h6 12. Re1 Bc5 13. Qf3 O-O 14.
Bxh6 gxh6 15. Qxf6 Kh7 16. Rad1 Rg8 17. Rd3 Rg6 18. Qh4 Bd6 19. Rf3 Rag8 20. g3
Qb7 21. Ree3 R8g7 22. b3 Rg4 23. Qh5 d4 24. Rf6 R4g6 25. Ne4 dxe3 26. Nxd6
exf2+ 27. Rxf2 Qb6 28. Ne4 Qd4 29. Qe2 f5 30. Nd2 f4 31. Ne4 fxg3 32. Nxg3 Qa1+
33. Kg2 Qxa2 34. Kh3 Qb2 35. Nh5 Rg8 36. Nf4 Rf6 37. Nxe6 Qc3+ 38. Kh4 Rxe6 39.
Rf7+ Kh8 40. Qxe6 Qd4+ 41. Kh5 Rg5+ 0-1

[Event "XXII Weekend C"]
[Site "Ceriano Laghetto ITA"]
[Date "2013.03.01"]
[Round "1"]
[White "Cavalieri, Riccardo"]
[Black "Ciochetta, Giovanni"]
[WhiteElo "1455"]
[BlackElo "1533"]
[Result "1/2-1/2"]
[PlyCount "120"]
[EventDate "2013.03.01"]

1. e4 e5 2. Nf3 Nf6 3. d3 Nc6 4. Be3 d5 5. exd5 Nxd5 6. Qd2 Nxe3 7. fxe3 Bc5 8.
Be2 Bb6 9. a3 O-O 10. h3 f5 11. Nc3 Be6 12. O-O-O f4 13. exf4 exf4 14. Kb1 Be3
15. Qe1 Nd4 16. Nxd4 Qxd4 17. Bf3 c6 18. Qe2 a5 19. g3 Rae8 20. Be4 Bd5 21.
gxf4 Bxf4 22. Qh5 Bxe4 23. dxe4 Qe5 24. Qxe5 Bxe5 25. Rhe1 b5 26. Ne2 Rf3 27.
Rd3 Ref8 28. Rxf3 Rxf3 29. Ng1 Rg3 30. Ka1 Kf7 31. Kb1 Ke6 32. Ka2 Bd6 33. Ka1
Bc5 34. Ne2 Re3 35. Nf4+ Kd7 36. Rxe3 Bxe3 37. Nh5 Bh6 38. Ng3 g6 39. Ka2 Ke6
40. Kb3 Ke5 41. c4 Bf4 42. Ne2 Kxe4 43. Nc3+ Kd4 44. cxb5 cxb5 45. Nxb5+ Kc5
46. Ka4 Bd2 47. Nc3 Bxc3 48. bxc3 Kb6 49. c4 h5 50. h4 Kc5 51. Kxa5 Kxc4 52.
Kb6 Kb3 53. Kc5 Kxa3 54. Kd5 Kb4 55. Ke5 Kc5 56. Kf6 Kd6 57. Kxg6 Ke7 58. Kxh5
Kf7 59. Kg5 Kg7 60. Kh5 Kh8 1/2-1/2

[Event "XXII Weekend C"]
[Site "Ceriano Laghetto ITA"]
[Date "2013.03.01"]
[Round "1"]
[White "Giusti, Francesco"]
[Black "Benedetti, Mario"]
[WhiteElo "1537"]
[BlackElo "1455"]
[Result "1-0"]
[PlyCount "85"]
[EventDate "2013.03.01"]

1. e4 c5 2. Nf3 d6 3. h3 Nf6 4. Nc3 a6 5. a4 e6 6. Bc4 Bd7 7. O-O Be7 8. Re1
Bc6 9. e5 Nfd7 10. exd6 Bxd6 11. d4 Bxf3 12. Qxf3 O-O 13. Qxb7 Nb6 14. dxc5
Bxc5 15. Ne4 N8d7 16. Bg5 Qc8 17. Qxc8 Raxc8 18. Bxa6 Ra8 19. Bb5 h6 20. Nxc5
Nxc5 21. Be7 Rfc8 22. Bxc5 Rxc5 23. Red1 Nc8 24. b4 Rc3 25. Bd3 Kf8 26. b5 Ra5
27. Rab1 Nb6 28. Rb3 Rxb3 29. cxb3 Ke7 30. Rc1 Nd5 31. Kf1 Ra7 32. g3 g5 33.
Be4 f5 34. Bxd5 exd5 35. b6 Rb7 36. a5 Kd7 37. Ke2 Kd6 38. b4 Kd7 39. b5 Kd6
40. Rc6+ Ke5 41. a6 Re7 42. a7 Kd4+ 43. Kd2 1-0

[Event "XXII Weekend C"]
[Site "Ceriano Laghetto ITA"]
[Date "2013.03.01"]
[Round "1"]
[White "Lamera, Giuseppe"]
[Black "Frignani, Alessandro"]
[WhiteElo "1479"]
[BlackElo "1335"]
[Result "0-1"]
[PlyCount "82"]
[EventDate "2013.03.01"]

1. c4 e5 2. e4 Bc5 3. Nc3 Qf6 4. Nf3 Ne7 5. Nb5 Qb6 6. Qe2 d6 7. a3 a5 8. d4
exd4 9. Qd3 Nbc6 10. Be2 Ne5 11. Nxe5 dxe5 12. O-O c6 13. a4 cxb5 14. cxb5 Ng6
15. Bd2 Be6 16. Qg3 Qd6 17. Bd3 b6 18. h4 Bb4 19. Bc1 O-O-O 20. h5 Nf4 21. Bxf4
exf4 22. Qf3 Kd7 23. Qe2 Rc8 24. e5 Qd5 25. Be4 Qc4 26. Bd3 Qc7 27. Qe4 Bc5 28.
Qxf4 Rcg8 29. Rfe1 g6 30. h6 Qd8 31. Be4 g5 32. Bc6+ Kc7 33. Qe4 Rg6 34. Rac1
Kb8 35. Rxc5 bxc5 36. Rc1 c4 37. Ba8 Qb6 38. Bd5 Rd8 39. Bxe6 Qxe6 40. Qc6 Qxc6
41. bxc6 Rxc6 0-1

[Event "XXII Weekend C"]
[Site "Ceriano Laghetto ITA"]
[Date "2013.03.01"]
[Round "1"]
[White "Olivieri, Michelangelo"]
[Black "Marcantognini, Denis"]
[WhiteElo "1527"]
[BlackElo "1443"]
[Result "1-0"]
[PlyCount "75"]
[EventDate "2013.03.01"]

1. d4 d5 2. c4 e6 3. Nc3 c6 4. cxd5 exd5 5. Nf3 Bb4 6. Bf4 Nf6 7. a3 Bxc3+ 8.
bxc3 Qa5 9. Qb3 O-O 10. e3 Ne4 11. Rc1 Nd7 12. Bd3 Ndf6 13. O-O Bf5 14. Qc2
Rfe8 15. Nh4 Bd7 16. f3 c5 17. fxe4 c4 18. Be2 Nxe4 19. Bf3 Qd8 20. Bxe4 Rxe4
21. Nf3 Qc8 22. Ng5 Bf5 23. Nxe4 Bxe4 24. Qf2 Qf5 25. Qb2 Qg6 26. Rf2 Bf5 27.
Qxb7 Re8 28. Qxd5 Bh3 29. Qxc4 Be6 30. Qa4 Re7 31. Rb2 h6 32. Qa5 Qe4 33. Qd8+
Kh7 34. Qxe7 g5 35. Bxg5 hxg5 36. Qxg5 Bd5 37. Rf1 a5 38. Rf6 1-0

[Event "XXII Weekend C"]
[Site "Ceriano Laghetto ITA"]
[Date "2013.03.01"]
[Round "1"]
[White "Rosini, Luca Ungaro"]
[Black "Cagnotto, Marco"]
[WhiteElo "1421"]
[BlackElo "1492"]
[Result "1-0"]
[PlyCount "63"]
[EventDate "2013.03.01"]

1. b3 Nf6 2. Bb2 g6 3. e3 Bg7 4. Nf3 O-O 5. d4 d5 6. c4 Bf5 7. Nc3 dxc4 8. Bxc4
Nc6 9. O-O Ne4 10. Nxe4 Bxe4 11. Rc1 Qd7 12. h3 a6 13. Qe2 Qf5 14. Ne1 Qg5 15.
Bd3 Bxd3 16. Qxd3 Rfe8 17. f4 Qa5 18. a3 Qd5 19. Nf3 Rad8 20. Rc5 Qd7 21. Rfc1
f5 22. Ne5 Nxe5 23. fxe5 c6 24. Rd1 Qc7 25. d5 Bxe5 26. Qc4 Bd6 27. dxc6+ Kf8
28. Qc3 e5 29. Rc4 e4 30. Qh8+ Kf7 31. Qg7+ Ke6 32. Qf6# 1-0

[Event "XXII Weekend C"]
[Site "Ceriano Laghetto ITA"]
[Date "2013.03.01"]
[Round "1"]
[White "Ruggiero, Paolino"]
[Black "Hali, Jacques"]
[WhiteElo "1517"]
[BlackElo "1440"]
[Result "1/2-1/2"]
[PlyCount "141"]
[EventDate "2013.03.01"]

1. e4 c5 2. f4 d6 3. Bc4 e6 4. Nf3 Nf6 5. d3 Nc6 6. a3 Qc7 7. O-O Be7 8. Nc3 a6
9. Ng5 O-O 10. Ba2 Bd7 11. Ne2 Qd8 12. Ng3 Ne8 13. h4 h6 14. Nf3 Bxh4 15. Nxh4
Qxh4 16. Qf3 Nd4 17. Qf2 Nf6 18. Nh1 Qxf2+ 19. Rxf2 Ng4 20. Rd2 Rac8 21. c3 Nc6
22. Re2 b5 23. g3 a5 24. Kg2 b4 25. Bb3 Na7 26. axb4 cxb4 27. Rxa5 Nc6 28. Ra6
bxc3 29. bxc3 Nb8 30. Rxd6 Rxc3 31. Bxe6 Bxe6 32. Bb2 Rc6 33. Rd4 Rfc8 34. Kf3
Nf6 35. f5 Bd7 36. Rb4 Na6 37. Rd4 Be8 38. Nf2 Rc2 39. Rxc2 Rxc2 40. Ba3 Rc8
41. e5 Nh7 42. g4 Ng5+ 43. Kf4 Nb8 44. Rd6 Bc6 45. Nd1 Be8 46. Ne3 Nd7 47. Nd5
Kh8 48. e6 fxe6 49. fxe6 Nf8 50. e7 Ng6+ 51. Kf5 Nh4+ 52. Kf4 Nf7 53. Rb6 Ng2+
54. Kg3 Ne1 55. d4 Nc2 56. Bc5 Ne1 57. Nc7 Kh7 58. Ne6 Nd3 59. d5 Nxc5 60. Nxc5
Rxc5 61. Rb8 Rc3+ 62. Kf4 Rc4+ 63. Kg3 Nd6 64. Rd8 Rc7 65. Rxd6 Rxe7 66. Rd8
Kg6 67. d6 Re3+ 68. Kf4 Rd3 69. Rxe8 Rxd6 70. Re5 Kf6 71. Ra5 1/2-1/2

[Event "XXII Weekend C"]
[Site "Ceriano Laghetto ITA"]
[Date "2013.03.01"]
[Round "1"]
[White "Sala, Pierluigi"]
[Black "Kiszka, Jean Marc"]
[WhiteElo "1495"]
[BlackElo "1422"]
[Result "1-0"]
[PlyCount "89"]
[EventDate "2013.03.01"]

1. d4 Nf6 2. Nf3 g6 3. g3 Bg7 4. Bg2 d5 5. O-O O-O 6. Re1 Bf5 7. Bg5 c6 8. c3
Nbd7 9. Nbd2 Re8 10. Nh4 Be4 11. f3 h6 12. Bxf6 Bxf6 13. fxe4 Bxh4 14. gxh4 Nf6
15. e5 Nd7 16. e4 e6 17. Qg4 Rc8 18. Rf1 Qb6 19. b4 Rf8 20. Qf4 Kg7 21. Qg3 a5
22. Rab1 axb4 23. Rxb4 Qc7 24. Rfb1 b6 25. exd5 cxd5 26. R4b3 f6 27. exf6+ Rxf6
28. Qxc7 Rxc7 29. Nf3 Rc6 30. Rf1 Rf8 31. Ne5 Rxf1+ 32. Bxf1 Nxe5 33. dxe5 Kf7
34. a4 Ke7 35. Kf2 Kd8 36. Ke3 Kc7 37. Kd4 Kb7 38. Rb2 Rc7 39. Rf2 Rg7 40. Bh3
Rc7 41. Bxe6 Rc4+ 42. Kxd5 Rxa4 43. c4 Ra5+ 44. Kd6 Ra1 45. Bd5+ 1-0

[Event "XXII Weekend C"]
[Site "Ceriano Laghetto ITA"]
[Date "2013.03.02"]
[Round "2"]
[White "Cagnotto, Marco"]
[Black "Benedetti, Mario"]
[WhiteElo "1492"]
[BlackElo "1455"]
[Result "1-0"]
[PlyCount "91"]
[EventDate "2013.03.01"]

1. e4 c5 2. Nc3 d6 3. g3 Nc6 4. Bg2 e5 5. Nge2 Nf6 6. O-O Be7 7. d3 a6 8. a4
O-O 9. Bd2 Bd7 10. f4 exf4 11. Nxf4 Bg4 12. Bf3 Bxf3 13. Qxf3 Nd4 14. Qd1 Qd7
15. Ncd5 Nxd5 16. Nxd5 Qd8 17. c3 Ne6 18. Nxe7+ Qxe7 19. Qg4 g6 20. Bh6 Ng7 21.
Rf2 Qe6 22. Qxe6 fxe6 23. Raf1 Rxf2 24. Rxf2 Rf8 25. Rxf8+ Kxf8 26. Kf2 e5 27.
Kf3 Kf7 28. Bxg7 Kxg7 29. Ke3 Kf6 30. d4 Kg5 31. dxc5 dxc5 32. h3 h5 33. a5 Kf6
34. h4 g5 35. Kd3 gxh4 36. gxh4 Ke6 37. Kc4 Kd6 38. Kb3 Kc6 39. Kc4 b5+ 40.
axb6 Kxb6 41. Kd5 Kb5 42. Kxe5 Kc4 43. Kf6 Kb3 44. e5 Kxb2 45. e6 Kxc3 46. e7
1-0

[Event "XXII Weekend C"]
[Site "Ceriano Laghetto ITA"]
[Date "2013.03.02"]
[Round "2"]
[White "Ciochetta, Giovanni"]
[Black "Rosini, Luca Ungaro"]
[WhiteElo "1533"]
[BlackElo "1421"]
[Result "0-1"]
[PlyCount "40"]
[EventDate "2013.03.01"]

1. e4 d5 2. exd5 Qxd5 3. Nc3 Qa5 4. Nf3 Nf6 5. Bc4 Bg4 6. O-O e6 7. d3 c6 8.
Bd2 Qc7 9. Re1 Bd6 10. h3 Bh5 11. Bg5 Nbd7 12. a3 O-O 13. g4 Bg6 14. Ne4 Nxe4
15. dxe4 h6 16. Bd2 Bc5 17. b4 Qg3+ 18. Kh1 Qxh3+ 19. Nh2 Bxf2 20. Rf1 Bxe4+
0-1

[Event "XXII Weekend C"]
[Site "Ceriano Laghetto ITA"]
[Date "2013.03.02"]
[Round "2"]
[White "Della Peruta, Lorenzo"]
[Black "Ruggiero, Paolino"]
[WhiteElo "1518"]
[BlackElo "1517"]
[Result "1-0"]
[PlyCount "81"]
[EventDate "2013.03.01"]

1. e4 e5 2. Nf3 f5 3. exf5 e4 4. Nd4 Nf6 5. Bc4 d5 6. Bb5+ c6 7. Be2 Be7 8. d3
O-O 9. Nc3 Bb4 10. a3 Bxc3+ 11. bxc3 c5 12. Ne6 Bxe6 13. fxe6 Qd6 14. e7 Qxe7
15. Bg5 Qe5 16. Bxf6 Qxf6 17. O-O Qxc3 18. dxe4 d4 19. Qd3 Qxd3 20. cxd3 Nc6
21. Rab1 b6 22. Bf3 Ne5 23. Be2 g5 24. g3 Nf3+ 25. Bxf3 Rxf3 26. Rbd1 Kg7 27.
Kg2 Raf8 28. Rd2 h5 29. Re1 g4 30. h3 Rd8 31. hxg4 hxg4 32. e5 c4 33. dxc4 Rxa3
34. Re4 Kg6 35. Rxg4+ Kf5 36. Rgxd4 Rxd4 37. Rxd4 Kxe5 38. Rd7 a5 39. f4+ Kf5
40. Rd5+ Kg4 41. Rg5# 1-0

[Event "XXII Weekend C"]
[Site "Ceriano Laghetto ITA"]
[Date "2013.03.02"]
[Round "2"]
[White "Frignani, Alessandro"]
[Black "Olivieri, Michelangelo"]
[WhiteElo "1335"]
[BlackElo "1527"]
[Result "1-0"]
[PlyCount "61"]
[EventDate "2013.03.01"]

1. e4 e6 2. d4 d5 3. e5 c5 4. c3 Nc6 5. Nf3 Qb6 6. b3 cxd4 7. cxd4 Bd7 8. Be2
Bb4+ 9. Kf1 Nge7 10. a3 Ba5 11. b4 Nxb4 12. axb4 Bxb4 13. Bd2 Nc6 14. Bxb4 Qxb4
15. Qd2 Qb6 16. g3 O-O 17. Kg2 a5 18. Nc3 Nb4 19. Rhb1 Rfc8 20. Ne1 Qd8 21. Nb5
Bxb5 22. Bxb5 b6 23. Nd3 Nxd3 24. Qxd3 Qc7 25. Qd2 Qc3 26. Qxc3 Rxc3 27. Rc1
Rxc1 28. Rxc1 a4 29. Bxa4 Kf8 30. Bb5 Ra5 31. Rb1 1-0

[Event "XXII Weekend C"]
[Site "Ceriano Laghetto ITA"]
[Date "2013.03.02"]
[Round "2"]
[White "Hali, Jacques"]
[Black "Cavalieri, Riccardo"]
[WhiteElo "1440"]
[BlackElo "1455"]
[Result "1-0"]
[PlyCount "81"]
[EventDate "2013.03.01"]

1. d4 Nf6 2. c4 g6 3. Nf3 d5 4. Bg5 Bg7 5. Nc3 e6 6. e3 O-O 7. Be2 h6 8. Bh4
Qd7 9. O-O b6 10. Ne5 Qd8 11. Qa4 g5 12. Bg3 Bd7 13. Qc2 c5 14. Rfd1 dxc4 15.
Bf3 Nd5 16. Nxd5 Bxe5 17. Bxe5 exd5 18. Bxd5 Nc6 19. Bd6 Nb4 20. Qxc4 Nxd5 21.
Bxf8 Nxe3 22. fxe3 Kxf8 23. dxc5 Qe7 24. Qd4 Kg8 25. Qxd7 Qxe3+ 26. Kh1 Qxc5
27. Rf1 Qc4 28. Rf6 Rc8 29. h3 Kg7 30. b3 Qc1+ 31. Rxc1 Rxc1+ 32. Kh2 Kxf6 33.
Qxa7 Rc6 34. Qb7 Re6 35. a4 Kf5 36. Qxf7+ Rf6 37. Qd5+ Kg6 38. b4 Rf5 39. Qe4
h5 40. g4 hxg4 41. hxg4 1-0